01436cam a22002772i 4500001001300000003000700013005001700020008004100037020003800078040001800116042000900134084002100143090001300164245013900177250001400316260004800330300001800378600002300396650001800419650002400437650001800461942001400479999001500493952032500508952032500833CIP114015724YEEZEN20260413134854.0251028s2025 ch e 000 0 chi d a9786264176729q(平裝) :cNT$450 aCIPbchicCIP anbic a783.38862ncsclt a783.388610a師心我心:b 和信治癌中心醫院創辦人黃達夫醫師的醫者之心,傳承與創新 /c黃達夫作; 傅士玲採訪整理 a第一版 a臺北市 :b遠見天下文化, c2025.12. a面 ;c公分 72lcstta黃b達夫 72lcstta醫師 72lcstta醫療服務 72lcstta傳記 2cclcBOOK c7709d7709 00102ccl4070ayeezenbyeezencYEEZENd2026-04-13l0o783.3886pC03292r2026-04-13 00:00:00w2026-04-13yBOOKz**和信治癌中心醫院創辦人黃達夫醫師 選擇走一條人煙稀少的路 幸得十六位人生導師的足跡與背影相伴 典範如星辰照亮前路 抬頭永遠能看見光明就在不遠處 00102ccl4070ayeezenbyeezencYEEZENd2026-04-13l0o783.3886pC03293r2026-04-13 00:00:00w2026-04-13yBOOKz**和信治癌中心醫院創辦人黃達夫醫師 選擇走一條人煙稀少的路 幸得十六位人生導師的足跡與背影相伴 典範如星辰照亮前路 抬頭永遠能看見光明就在不遠處